header

A reading of Jane Austen (Record no. 35744)

MARC details
000 -LEADER
fixed length control field 01032nam a2200277Ia 4500
100 1# - MAIN ENTRY--AUTHOR NAME
Personal name Hardy, Barbara Nathan.
245 12 - TITLE STATEMENT
Title A reading of Jane Austen
260 ## - PUBLICATION, DISTRIBUTION, ETC. (IMPRINT)
Place of publication London :
Name of publisher Owen,
Year of publication 1975.
300 ## - PHYSICAL DESCRIPTION
Number of Pages 192 p.
650 #0 - SUBJECT ADDED ENTRY--TOPICAL TERM
Topical Term English literature.
856 40 - ELECTRONIC LOCATION AND ACCESS
Uniform Resource Identifier http://site.ebrary.com/lib/rucke/Doc?id=10250654

No items available.

© 2026 Rongo University
Contact us: librarian | system librarian | Rongo university